Statistics for Vigilante Shit - Taylor Swift (All Lyrics)

Click here to take the quiz!

General Stats

  • This quiz has been taken 45 times
  • The average score is 220 of 260

Answer Stats

Lyrics% Correct
The
100%
the
100%
a
97%
cat
97%
Draw
97%
eye
97%
I
97%
men
97%
so
97%
So
97%
some
97%
to
97%
you
97%
You
97%
dress
94%
enough
94%
for
94%
in
94%
kill
94%
man
94%
sharp
94%
your
94%
and
91%
And
91%
bad
91%
be
91%
but
91%
did
91%
dressin'
91%
I've
91%
Lately,
91%
of
91%
on
91%
revenge
91%
them
91%
things,
91%
worst
91%
been
88%
can
88%
don't
88%
Don't
88%
I'm
88%
it
88%
looks
88%
me
88%
might
88%
say
88%
she
88%
She
88%
shit,
88%
shit
88%
try
88%
women
88%
he
84%
how
84%
last
84%
start
84%
from?
81%
get
81%
got
81%
had
81%
tell
81%
They
81%
weekends
81%
where
81%
which
81%
wonder
81%
Drivin'
78%
ends
78%
even
78%
friends
78%
her
78%
lady
78%
pretty
78%
sad,
78%
always
75%
cold,
75%
dressing
75%
envelope,
75%
fun
75%
gave
75%
gets
75%
hard
75%
kids,
75%
proof,
75%
she's
75%
think
75%
vigilante
75%
want
75%
Benz
72%
crossin'
72%
house,
72%
kind
72%
lie
72%
mine
72%
my
72%
Sometimes
72%
what
72%
above
69%
all
69%
ex-wife
69%
FBI
69%
know
69%
needed
69%
Now
69%
people
69%
pride
69%
simply
69%
Someone
69%
sweet
69%
was
69%
as
66%
his
66%
innocents
66%
Ladies
66%
lines
66%
Or
66%
Picture
66%
white
66%
with
66%
doin'
63%
rise
63%
thick
63%
thieves
63%
told
63%
again
59%
crimes
59%
While
59%
collar
56%
one'll
56%
villains
56%

Score Distribution

Percentile by Number Answered

Percent of People with Each Score

Your Score History

You have not taken this quiz